Sovereign States - Statistics

General Stats
  • This quiz has been taken 6 times
  • The average score is 119 of 248
Answer Stats
Hint Hint Hint Country % Correct
ad 384.0 118.7 Andorra
100%
fr 386 105 France
100%
de 404.0 89.9 Germany
100%
pt 361.7 127.6 Portugal
100%
es 372 127.5 Spain
100%
al 425.5 124.0 Albania
75%
ar 234.0 373.0 Argentina
75%
br 266 294 Brazil
75%
bg 437.8 117.9 Bulgaria
75%
co 216.3 247.5 Colombia
75%
ec 204.0 265.5 Ecuador
75%
ee 439.0 64.8 Estonia
75%
fg French Guiana
75%
gy 248 242 Guyana
75%
is 341 43 Iceland
75%
ie 363.0 82.5 Ireland
75%
lv 438.0 70.6 Latvia
75%
lt 434.3 76.3 Lithuania
75%
lu 394.3 94.2 Luxembourg
75%
mc 397.2 114.5 Monaco
75%
na 418 328 Namibia
75%
pe 208 292 Peru
75%
ro 436.7 107.1 Romania
75%
ru 577 52 Russia
75%
sm 408.5 113.9 San Marino
75%
sr 254.4 248.1 Suriname
75%
uy 254.9 370.2 Uruguay
75%
ve 232 235 Venezuela
75%
100.0 100.0 Abkhazia
50%
af 528.0 149.2 Afghanistan
50%
aa Aland
50%
dz 384.2 167.2 Algeria
50%
American Samoa
50%
ao 420.0 301.2 Angola
50%
ag 241.4 204.0 Antigua and Barbuda
50%
am 480.5 125.0 Armenia
50%
ab Aruba
50%
au 683.0 342.0 Australia
50%
at 414.2 100.9 Austria
50%
az 487.6 125.0 Azerbaijan
50%
bs 209.0 180.9 Bahamas
50%
bh 494.3 174.0 Bahrain
50%
bd 583.0 181.8 Bangladesh
50%
bb 246.5 217.0 Barbados
50%
by 443.4 81.2 Belarus
50%
be 391.0 91.0 Belgium
50%
bz 180.9 203.6 Belize
50%
bj 385.7 225.0 Benin
50%
bt 584.1 169.4 Bhutan
50%
bo 236.0 319.0 Bolivia
50%
ba 421.0 113.0 Bosnia and Herzegovina
50%
bw 435.0 336.1 Botswana
50%
bn 638.6 246.1 Brunei
50%
bf 377.0 219.0 Burkina Faso
50%
bi 447.8 272.6 Burundi
50%
cm 407.0 247.0 Cameroon
50%
ca 143 66 Canada
50%
cv 326.7 206.9 Cape Verde
50%
cf 427.6 239.0 Central African Republic
50%
td 422.6 209.4 Chad
50%
cl 218 384 Chile
50%
cn 615.0 140.9 China
50%
ci Christmas Island
50%
km 479.4 301.4 Comoros
50%
coo Cook Islands
50%
cr 192.0 228.0 Costa Rica
50%
hr 418.0 108.0 Croatia
50%
cu 206.0 190.2 Cuba
50%
cy 455.3 143.7 Cyprus
50%
cz 414.0 93.8 Czech Republic
50%
cd 433.0 267.2 Democratic Republic of the Congo
50%
dk 401.5 73.5 Denmark
50%
dj 476.4 221.6 Djibouti
50%
dm 242.4 209.5 Dominica
50%
dr 221 197 Dominican Republic
50%
tl 664.3 290.8 East Timor
50%
eg 447.0 171.3 Egypt
50%
sv 180.4 215.0 El Salvador
50%
eng England
50%
gq 404.0 255.8 Equatorial Guinea
50%
er 466.3 209.2 Eritrea
50%
sz 451.3 350.1 Eswatini
50%
et 470.0 234.2 Ethiopia
50%
Falkland Islands
50%
fo Faroe Islands
50%
fm 717.7 235.2 Federated States of Micronesia
50%
fj 782.9 320.1 Fiji
50%
fi 437 52 Finland
50%
ga 406.5 264 Gabon
50%
gm 344 216 Gambia
50%
ge 479 120 Georgia
50%
gh 378.2 234.5 Ghana
50%
Gibraltar
50%
gr 430 129 Greece
50%
gl Greenland
50%
gd 241.6 220.6 Grenada
50%
gt 177.4 210.0 Guatemala
50%
Guernsey
50%
gn 353.3 224.2 Guinea
50%
gw 347.7 220.3 Guinea-Bissau
50%
ht 218 196 Haiti
50%
hn 184.5 210.7 Honduras
50%
hk Hong Kong
50%
hu 424.4 103.1 Hungary
50%
id 635.5 264 Indonesia
50%
ir 501.3 152.5 Iran
50%
iq 478.8 149.9 Iraq
50%
il 459.0 157.0 Israel
50%
it 416.4 124.2 Italy
50%
jm 206 200.2 Jamaica
50%
jp 693.3 140.0 Japan
50%
Jersey
50%
jo 462.3 158.9 Jordan
50%
kz 533.0 100.0 Kazakhstan
50%
ke 465.8 259.9 Kenya
50%
ki 21.0 272.0 Kiribati
50%
kv 427.5 118.5 Kosovo
50%
kw 487.0 162.9 Kuwait
50%
kg 548.0 122.0 Kyrgyzstan
50%
la 610.3 194.9 Laos
50%
lb 461.7 146.8 Lebanon
50%
ls 444.0 360.5 Lesotho
50%
lr 359.2 239.6 Liberia
50%
ly 419.3 172.9 Libya
50%
li 402.0 103.1 Liechtenstein
50%
ma Macau
50%
mg 486.0 324.3 Madagascar
50%
mw 456.0 307.0 Malawi
50%
my 610.3 247.2 Malaysia
50%
mv 545.9 248.9 Maldives
50%
ml 377 202.2 Mali
50%
mt 412.9 141.1 Malta
50%
mh 760.6 232.2 Marshall Islands
50%
mr 354 195.5 Mauritania
50%
mu 510.1 329.1 Mauritius
50%
mx 151.0 182.0 Mexico
50%
md 444.4 102.0 Moldova
50%
mn 614.2 104.1 Mongolia
50%
me 423.7 117.8 Montenegro
50%
mz 467 309.5 Mozambique
50%
mm 597.0 188.5 Myanmar
50%
nr 756.2 263.4 Nauru
50%
np 569.8 166.5 Nepal
50%
nl 393 86.9 Netherlands
50%
nz 776.7 391.9 New Zealand
50%
ni 188.2 218.1 Nicaragua
50%
ne 403.3 203.9 Niger
50%
ng 398.0 230.8 Nigeria
50%
noi Northern Ireland
50%
kp 665.7 127 North Korea
50%
no 401.7 57 Norway
50%
om 509.33 187.2 Oman
50%
pk 535.7 164.2 Pakistan
50%
pw 680.5 241.3 Palau
50%
pal Palestine
50%
pa 198 232.5 Panama
50%
py 248.9 339.7 Paraguay
50%
ph 657 220.6 Philippines
50%
pl 423.6 87.1 Poland
50%
qa 495.7 176.2 Qatar
50%
cg 416.9 260.5 Republic of the Congo
50%
rn Reunion
50%
kn 239.4 203.4 Saint Kitts and Nevis
50%
lc 243.2 214.6 Saint Lucia
50%
vc 242.7 216.8 Saint Vincent and the Grenadines
50%
ws 802.8 307.7 Samoa
50%
sa 482.1 179.9 Saudi Arabia
50%
sco Scotland
50%
rs 427.6 113.0 Serbia
50%
sc 505.5 277.0 Seychelles
50%
sl 354.0 232.9 Sierra Leone
50%
sk 423.0 98.0 Slovakia
50%
si 413.0 106.5 Slovenia
50%
sb 742.1 295.0 Solomon Islands
50%
so 488 230 Somalia
50%
som Somaliland
50%
za 431 365 South Africa
50%
kr 669 139 South Korea
50%
ss 449.6 239.5 South Sudan
50%
lk 562 235.3 Sri Lanka
50%
sd 448.5 209.5 Sudan
50%
se 414.3 60.5 Sweden
50%
ch 398.4 103.5 Switzerland
50%
sy 467.0 143.0 Syria
50%
tw 652.9 182.1 Taiwan
50%
tj 545.2 133.5 Tajikistan
50%
tz 459.1 282.5 Tanzania
50%
tg 383.0 232.4 Togo
50%
tt 242.5 226.6 Trinidad and Tobago
50%
tr 460.3 130.6 Turkey
50%
tm 513.0 130.6 Turkmenistan
50%
tv 781.5 295.3 Tuvalu
50%
ug 453.1 256.6 Uganda
50%
ua 450.6 96.0 Ukraine
50%
ae 502.0 182.5 United Arab Emirates
50%
us 153 129 United States
50%
uz 525 122.5 Uzbekistan
50%
vu 755.5 318.6 Vanuatu
50%
va 408.5 120.7 Vatican City
50%
vn 624.3 219.9 Vietnam
50%
wal 377 86 Wales
50%
ye 488.3 208.2 Yemen
50%
zm 438 310 Zambia
50%
zw 447.0 325.0 Zimbabwe
50%
Bermuda
25%
bon Bonaire
25%
kh 616.0 219.1 Cambodia
25%
can Canary Islands
25%
cc Cocos Islands
25%
cao Curacao
25%
fp French Polynesia
25%
gp Guadeloupe
25%
Guam
25%
in 556 185.9 India
25%
Isle of man
25%
ci 368.0 235.9 Ivory Coast
25%
Montserrat
25%
mo 366.0 153.5 Morocco
25%
nc New Caledonia
25%
Niu Niue
25%
Northern Cyprus
25%
Northern Mariana Islands
25%
mk 429.5 121.7 North Macedonia
25%
pg 703.7 282.4 Papua New Guinea
25%
Puerto Rico
25%
rw 447.8 267.7 Rwanda
25%
st 395.5 260.6 São Tomé and Príncipe
25%
sn 347 212 Senegal
25%
sg 614.2 256.7 Singapore
25%
sm Sint Maarten
25%
South Ossetia
25%
th 608.0 207.9 Thailand
25%
azo The Azores
25%
to 798.1 328.7 Tonga
25%
tn 401 148 Tunisia
25%
Turks and Caicos Islands
25%
U.S. Virgin Islands
25%
we Western Sahara
25%
Anguilla
0%
British Virgin Islands
0%
Cayman Islands
0%
mad Madeira
0%
mq Martinique
0%
my Mayotte
0%
nf Norfolk Island
0%
Saint Helena, Ascension and Tristan da Cunha
0%
sva Svalbard
0%
tok Tokelau
0%
No matching quizzes found
Score Distribution
Percent of People with Each Score
Percentile by Number Answered
Your Score History
You have not taken this quiz